000 01210nam a2200325 a 4500
001 000115655
003 CHAP
005 20220329144543.0
008 190619s2018 mx a |sm |||||||spa d
010 _a112116
011 _a113088
040 _cCHAP
090 _aTesis
100 1 _aSántiz Gómez, Abraham.
_9107981
245 1 0 _aAcciónes colectivas y cambios en la vida de los Tseltales de Oxchuc, Chiapas
_h[En línea]
_cpor Abraham Sántiz Gómez.
260 _aChapingo, Méx. :
_bEl autor,
_c2018.
500 _aPara ver el contenido del material haga clic en la liga
502 _aTesis (Ph. D. en Desarrollo Rural Regional) -- UACH. Dirección de Centros Regionales Universitarios
590 _aE11695DGD
_b10
_c20191023
_lUCH01
_h1457
590 _aE6337LMJ
_b05
_c20190619
_lUCH01
_h1013
590 _aE6337LMJ
_b05
_c20190619
_lUCH01
_h1013
650 1 4 _aChiapas
_xCondiciones sociales.
_922227
650 1 4 _aComunidades rurales.
_926254
650 1 4 _aIndios de Chiapas
_xTzeltales.
_9128256
650 1 4 _aIndios de Chiapas
_xVida social y costumbres.
_957600
856 _aFinding aid
_uhttp://10.13.5.2/tesis/sist115655.pdf
_zTeclea aquí
901 _aBK
942 _cTESIS
942 _n0
999 _c112116
_d112116